| 000 | 00000nas 2200000zi 4500 |
| 001 | 9.941023 |
| 003 | CaOODSP |
| 005 | 20240725114452 |
| 006 | m o d f |
| 007 | cr cn |||||||| |
| 008 | 240725c20219999oncar p o f0 0eng|d |
| 040 | |aCaOODSP|beng|erda|cCaOODSP |
| 043 | |an-cn--- |
| 086 | 1 |aPS81-27E-PDF |
| 110 | 2 |aCorrectional Service Canada.|eauthor, |eissuing body. |
| 245 | 10|aAnnual report to Parliament on the Access to Information Act ... |
| 264 | 1|aOttawa, Ontario : |bCorrectional Service Canada = Service correctionnel Canada, |c[2020]- |
| 310 | |aAnnual |
| 336 | |atext|btxt|2rdacontent |
| 337 | |acomputer|bc|2rdamedia |
| 338 | |aonline resource|bcr|2rdacarrier |
| 362 | 1 |aBegan with: 2021/2022. |
| 500 | |aIssued also in French under title: Rapport annuel au Parlement concernant la Loi sur l'accès à l'information ... |
| 500 | |aCover title. |
| 588 | |aDescription based on: 2021/2022. |
| 588 | |aLatest issue consulted: 2022/2023. |
| 610 | 20|aCorrectional Service Canada|vPeriodicals. |
| 610 | 10|aCanada. |tAccess to Information Act|vPeriodicals. |
| 650 | 0|aFreedom of information|zCanada|vPeriodicals. |
| 650 | 0|aGovernment information|zCanada|vPeriodicals. |
| 655 | 7|aPeriodicals|2lcgft |
| 775 | 08|tRapport annuel au Parlement concernant la Loi sur l'accès à l'information ...|w(CaOODSP)9.941022 |